000 00788cab a2200241 4500
001 ABS50971
008 090401t1994 xxu||||| |||| 00| 0 eng d
035 _a(Sirsi) u3464
041 _aeng
100 _aCarr, W.D.
245 _aWhat do machinery and equipment valuers do exactly?
260 _c1994
350 _a0
490 _aCSM (Chartered Surveyor Monthly)
_v3(9) June 1994, 42-43(2)
520 _aArgues that machinery and equipment valuation is an underrated area of surveying. Provides background, reasons for valuation for insurance and loan purposes and cost information.
650 _aINSURANCE ISSUES
650 _aMENTOR
650 _aPLANT AND MACHINERY
650 _aVALUATION ISSUES
690 _aRATING AND VALUATION
942 _n0
948 _c04/03/1997
999 _c2129
_d2129